000 00554nam a2200205Ia 4500
005 20250508150639.0
008 008 250505s9999 xx 000 0 eng d
037 _aTextBook
040 _aFEDL
_beng
_cFEDL
041 _aeng
_2eng
084 _a907, JOH
_qFEDL
100 _aJohnson Henry
_991505
245 0 _aTeaching of history
260 _aNew York, USA
_bThe Macmillan Company
_c1948
300 _axv,467p
365 _aINR
_b15.15
650 _aHistory - Teaching
_9757271
942 _cTB
_h907, JOH
999 _c1324787
_d1324787